000 00232nam a2200097Ia 4500
082 _aBJE
245 0 _aLAVENTELHAAN
100 _a BIERMAN, Ettie 1978
_998061
942 _cBK
008 210817s9999 xx 000 0 und d
999 _c415776
_d415775